Eyes to see, ears to hear : (Record no. 20801)
[ view plain ]
| 000 -LEADER | |
|---|---|
| fixed length control field | 01317cam a2200373 a 4500 |
| 001 - CONTROL NUMBER | |
| control field | 16193431 |
| 003 - CONTROL NUMBER IDENTIFIER | |
| control field | OSt |
| 005 - DATE AND TIME OF LATEST TRANSACTION | |
| control field | 20251128161033.0 |
| 008 - FIXED-LENGTH DATA ELEMENTS--GENERAL INFORMATION | |
| fixed length control field | 100419s2010 njua b 011 0 eng |
| 010 ## - LIBRARY OF CONGRESS CONTROL NUMBER | |
| LC control number | 2010016527 |
| 020 ## - INTERNATIONAL STANDARD BOOK NUMBER | |
| International Standard Book Number | 9781596381223 |
| Qualifying information | pbk. |
| 035 ## - SYSTEM CONTROL NUMBER | |
| System control number | 16193431 |
| 040 ## - CATALOGING SOURCE | |
| Original cataloging agency | DLC |
| Transcribing agency | DLC |
| Modifying agency | DLC |
| 042 ## - AUTHENTICATION CODE | |
| Authentication code | pcc |
| 050 00 - LIBRARY OF CONGRESS CALL NUMBER | |
| Classification number | BS1171.3 |
| Item number | .E94 2010 |
| 082 00 - DEWEY DECIMAL CLASSIFICATION NUMBER | |
| Classification number | 230/.0411 |
| Edition number | 22 |
| 245 00 - TITLE STATEMENT | |
| Title | Eyes to see, ears to hear : |
| Remainder of title | essays in memory of J. Alan Groves / |
| Statement of responsibility, etc. | edited by Peter Enns, Douglas J. Green, & Michael B. Kelly. |
| 260 ## - PUBLICATION, DISTRIBUTION, ETC. (IMPRINT) | |
| Place of publication, distribution, etc. | Phillipsburg, N.J. : |
| Name of publisher, distributor, etc. | P&R Pub., |
| Date of publication, distribution, etc. | c2010. |
| 300 ## - PHYSICAL DESCRIPTION | |
| Extent | xxxiii, 225 p. : |
| Other physical details | ill. ; |
| Dimensions | 23 cm. |
| 336 ## - CONTENT TYPE | |
| Content type term | text |
| Content type code | txt |
| Source | rdacontent |
| 337 ## - MEDIA TYPE | |
| Media type term | unmediated |
| Media type code | n |
| Source | rdamedia |
| 338 ## - CARRIER TYPE | |
| Carrier type term | volume |
| Carrier type code | nc |
| Source | rdacarrier |
| 504 ## - BIBLIOGRAPHY, ETC. NOTE | |
| Bibliography, etc | Includes bibliographical references and index. |
| 630 00 - SUBJECT ADDED ENTRY--UNIFORM TITLE | |
| Uniform title | Bible. |
| Name of part/section of a work | Old Testament |
| General subdivision | Criticism, interpretation, etc. |
| 630 00 - SUBJECT ADDED ENTRY--UNIFORM TITLE | |
| Uniform title | Bible. |
| Name of part/section of a work | Old Testament |
| General subdivision | Theology. |
| 700 1# - ADDED ENTRY--PERSONAL NAME | |
| Personal name | Groves, J. Alan. |
| 700 1# - ADDED ENTRY--PERSONAL NAME | |
| Personal name | Enns, Peter, |
| Dates associated with a name | 1961- |
| 700 1# - ADDED ENTRY--PERSONAL NAME | |
| Personal name | Green, Douglas J., |
| Dates associated with a name | 1953- |
| 700 1# - ADDED ENTRY--PERSONAL NAME | |
| Personal name | Kelly, Michael B., |
| Dates associated with a name | 1965- |
| 906 ## - LOCAL DATA ELEMENT F, LDF (RLIN) | |
| a | 7 |
| b | cbc |
| c | orignew |
| d | 1 |
| e | ecip |
| f | 20 |
| g | y-gencatlg |
| 942 ## - ADDED ENTRY ELEMENTS (KOHA) | |
| Source of classification or shelving scheme | Library of Congress Classification |
| Koha item type | General Collection |
| Withdrawn status | Lost status | Source of classification or shelving scheme | Not for loan | Home library | Current library | Shelving location | Date acquired | Source of acquisition | Inventory number | Total Checkouts | Full call number | Barcode | Date last seen | Copy number | Price effective from | Koha item type |
|---|---|---|---|---|---|---|---|---|---|---|---|---|---|---|---|---|
| Library of Congress Classification | Kabarak, Main Campus | Kabarak, Main Campus | General Stacks | 28/11/2025 | Donation | 2025/2255 | BS1171.3 .E94 2010 C.1 | 39483 | 28/11/2025 | C.1 | 28/11/2025 | General Collection |